01143cam a22002771a 4500001001300000003000400013005001700017007001500034008004100049010001700090035001900107040005500126042001200181050002700193051001600220100002200236245008600258260003300344300002100377490007200398501022300470504003000693530006900723650002200792856005100814e 11002178 DLC20260227111156.0cr_|||||||||||830823s1911 dcu b f000 0 eng c ae 11002178  a(OCoLC)9837057 aLibrary, U.S. Office of EducationcABAUdABAUdDLC apremarc00aL111b.A6 1911, no. 15 aLA1131b.K51 aKing, Harry Edwin14aThe educational system of China as recently reconstructed /cby Harry Edwin King. aWashington :bG.P.O.,c1911. a105 p. ;c23 cm.0 aBulletin / U.S. Bureau of Education ;v1911, no. 15 = Whole no. 462 aL111.A6 with: Training of teachers of elementary and secondary mathematics / International Commission on the Teaching of Mathematics. Washington : Govt. Print. Off., 1911. Bound together subsequent to publication.5DLC aBibliography: p. 104-105. aAlso available in digital form on the Internet Archive Web site. 0aEducationzChina.41uhttp://hdl.loc.gov/loc.gdc/scd0001.00209751124